|
|
|
|
| LEADER |
00000nam0a2200000 4500 |
| 001 |
82794 |
| 005 |
20231031095850.0 |
| 010 |
|
|
|a 5354009936
|
| 035 |
|
|
|a (RuTPU)RU\TPU\book\88974
|
| 035 |
|
|
|a RU\TPU\book\55983
|
| 090 |
|
|
|a 82794
|
| 100 |
|
|
|a 20051006d2005 km y0rusy50 ca
|
| 101 |
1 |
|
|a rus
|c eng
|
| 102 |
|
|
|a RU
|
| 105 |
|
|
|a a z 001zy
|
| 200 |
1 |
|
|a Новый ум короля. О компьютерах, мышлении и законах физики
|e пер. с англ.
|f Р. Пенроуз
|
| 205 |
|
|
|a 2-е изд., испр.
|
| 210 |
|
|
|a Москва
|c УРСС
|d 2005
|
| 215 |
|
|
|a 398 с.
|c ил.
|
| 225 |
1 |
|
|a Синергетика: от прошлого к будущему
|
| 320 |
|
|
|a Библиогр.: с. 384-389
|
| 320 |
|
|
|a Имен. указ,: с. 391
|
| 320 |
|
|
|a Предм. указ.: с. 392-395
|
| 330 |
|
|
|a Монография известного физика и математика Роджера Пенроуза посвящена изучению проблемы искусственного интеллекта на основе всестороннего анализа достижений современных наук. Возможно ли моделирование разума? Чтобы найти ответ на этот вопрос, Пенроуз обсуждает широчайший круг явлений: алгоритмизацию математического мышления, машины Тьюринга, теорию сложности, теорему Геделя, парадоксы квантовой физики, энтропию, рождение Вселенной, черные дыры, строение мозга и многое другое. Книга вызовет несомненный интерес как у специалистов гуманитарных и естественно-научных дисциплин, так и у широкого круга читателей.
|
| 610 |
1 |
|
|a кибернетика
|
| 610 |
1 |
|
|a искусственный интеллект
|
| 610 |
1 |
|
|a разум
|
| 610 |
1 |
|
|a моделирование
|
| 610 |
1 |
|
|a компьютеры
|
| 610 |
1 |
|
|a алгоритмы
|
| 610 |
1 |
|
|a машины Тьюринга
|
| 610 |
1 |
|
|a математика
|
| 610 |
1 |
|
|a истина
|
| 610 |
1 |
|
|a доказательство
|
| 610 |
1 |
|
|a физика
|
| 610 |
1 |
|
|a квантовая теория
|
| 610 |
1 |
|
|a космология
|
| 610 |
1 |
|
|a гравитация
|
| 610 |
1 |
|
|a реальный мозг
|
| 610 |
1 |
|
|a искусственный мозг
|
| 610 |
1 |
|
|a ум
|
| 675 |
|
|
|a 681.5:1
|v 3
|
| 675 |
|
|
|a 51:1
|v 3
|
| 675 |
|
|
|a 53:1
|v 3
|
| 700 |
|
1 |
|a Пенроуз
|b Р.
|g Роджер
|
| 801 |
|
1 |
|a RU
|b 63413507
|c 20030619
|g PSBO
|
| 801 |
|
2 |
|a RU
|b 63413507
|c 20051013
|g PSBO
|
| 942 |
|
|
|c BK
|